Регионална библиотека "Любен Каравелов" - Русе

Новости в отглеждането и преработката на етеричномаслените култури (Запис номер 181743)

MARC детайли
000 -Лидер
Контролно поле с фиксирана дължина 02428nam a2200433 c 4500
003 - Код на организацията, давaща контролен номер
Контролно поле BLK
005 - Дата и час на последна редакция
Контролно поле 20180422115158.0
008 - Елементи от данни с фиксирана дължина
fixed length control field 180411b bul|||||r ||||||| ||bul||
010 ## - Наследен системен номер
LC control number KNG00190649000
020 ## - Международен стандартен номер на книга ISBN
Международен стандартен номер на книга ISBN 978-954-8197-67-0
-- издат.: Булпак Принт
040 ## - Източник на каталожния запис
Идентификатор на билиотеката - собственик на записа BLK
041 ## - Код за език
Код за езика на текст/звукозапис или на отделно заглавие Български
Код за езика КДБФ Български
072 #7 - Код за тематичната категория
Код организация bullib
Код за тематична категория Н63
Текст Селско стопанство Н
080 ## - УДК
Текстов определител УДК Ароматни растения. Растения, които използват като подправки - Ванилия, мента, дафиново дърво, черен пипер и др.
УДК код - определител по УДК 633.82/.84
УДК определител (497.2)(062.2)
УДК - код + определител 633.82/.84(497.2)(062.2)
080 ## - УДК
Текстов определител УДК Етерични масла
УДК код - определител по УДК 665.52/.54
УДК определител (497.2)(062.2)
УДК - код + определител 665.52/.54(497.2)(062.2)
100 1# - Редна дума - Автор
Автор Зарев, Косьо Панайотов
Авторска отговорност първи автор
R(LIN) 366446
139 ## - Редно поле
Редна дума Новости в отглеждането и преработката на етеричномаслените култури
Авторски знак Нови - Н 86
245 10 - Сведения за заглавието
Заглавие Новости в отглеждането и преработката на етеричномаслените култури
Редно поле (дума) Косьо Панайотов Зарев.
257 ## - Страна на издаване
Страна на създаване/издаване България
260 ## - Област на издателските данни
-- Казанлък
Име на издателя, разпространителя и проч. Булпак Принт
Година на издаване 2014
300 ## - Физическа характеристика
Страници 152 с.
Илюстрации и др. с ил. (някои цв.)
Размери/Мащаб 23 см
380 ## - Жанр
Жанр Селско стопанство
500 ## - Общи забележки
Забележка Други авт.: Наташа Ковачева, Христо Ламбев, Станко Станев, Генка Жекова, Анатоли Джурмански, Ана Добрева, Анастасия Балинова-Цветкова ; Имената на авт. отбелязани на с. 3 Имената на ред. отбелязани на гърба на загл. с. - Библиогр. след отд. статии.
650 #4 - Допълнително описание по предмет – тема
Основно описание – тема или топоним Етеричномаслени култури
9 (RLIN) 270578
650 #4 - Допълнително описание по предмет – тема
Основно описание – тема или топоним Етерични масла - приложение
9 (RLIN) 243514
653 ## - Ключова дума – ненормативна
Ключова дума етерични масла
653 ## - Ключова дума – ненормативна
Ключова дума етеричномаслени култури
653 ## - Ключова дума – ненормативна
Ключова дума розопроизводство
653 ## - Ключова дума – ненормативна
Ключова дума маслодайни растения
653 ## - Ключова дума – ненормативна
Ключова дума лавандула
653 ## - Ключова дума – ненормативна
Ключова дума парфюми
653 ## - Ключова дума – ненормативна
Ключова дума козметика
659 ## - Тематичен бюлетин
Тематичен бюлетин Н
852 ## - Местоположение
Форматна сигнатура Цб 282403
856 4# - Електронен адрес и достъп
Електронен формат pdf - файл
Път до файла /url/
856 4# - Електронен адрес и достъп
Електронен формат pdf - файл
Път до файла /url/
942 ## - АРТИКУЛИ
Вид на библиотечния материал Книги
Скрит в OPAC Не
944 ## - СЪЗДАВАНЕ И РЕДАКЦИЯ на ЗАПИСА
Създаване/Редакция Създаване
Дата на регистрацията/редакция 19.09.2016
Служител, извършил регистрацията/редакцията Виолета_Тройчева
944 ## - СЪЗДАВАНЕ И РЕДАКЦИЯ на ЗАПИСА
Създаване/Редакция Редакция
Дата на регистрацията/редакция 05.10.2016
Служител, извършил регистрацията/редакцията Грета_Цуфелде
999 ## - СИСТЕМНИ КОНТРОЛНИ НОМЕРА
Koha biblionumber 181743
Koha biblioitemnumber 181743
Наличности
Код за отписване Код за изгубен артикул Код за повреда Коз за рестрикции Код за отдаване Артикулен № Име на библиотеката - собственик Име на библиотеката, в която се намира в момента Статус (Текущо местоположение) Дата на вписване в системата Местоположение - отдел Цена в лева Инвентарен номер Систематично азбучна сигнатура Баркод Номер на екземпляра Цена в евро Служебна бележка Служебен тип на артикула
  Не е изгубен Не е повреден без рестрикции ползва се в читалня 311344 Регионална библиотека "Любен Каравелов" Русе Регионална библиотека "Любен Каравелов" Русе Хранилище 2016-09-20 Хранилище 9.00 120000804038 Цб 282403 120000804038 1 4.60 Дост: Dp Вид: Д N: 34 Дата: 19.07.2016 Книги
Vip Innovations Ltd, Rousse, Bulgaria 2025